000 00530nam a2200229 a 4500
001 nice12345678
003 IN_TiNIC
005 20260116012127.0
008 050524s1977 laha grp 000 0 urd
020 _a
_c0.75
082 0 0 _a268
_bDUN
100 _aDuncun, Homer
245 _aZinda Khuda
260 _aLahore
_bMeenar Kutub
_c1977
300 _a40p
500 _aincludes index and biblioraphy
505 2 _aIndex
650 _aChristian Education & Training
902 _bSRS
942 _cBK
999 _c5754
_d5754